Statistics for Languages by Pictures

Click here to take the quiz!

General Stats

  • This quiz has been taken 111 times
    (110 since last reset)
  • The average score is 7 of 10

Answer Stats

Answer% Correct
Arabic
92%
Korean
92%
Japanese
86%
Greek
82%
Russian
79%
Thai
78%
Mandarin
74%
Hindi
73%
Bengali
54%
Telugu
34%

Score Distribution

Percentile by Number Answered

Percent of People with Each Score

Your Score History

You have not taken this quiz since the last reset